=LDR 00000nam 2200000 4500 =001 INLIS000000000039952 =005 20130612145540 =008 ***********************************Ind** =035 ##$$0010-061300000039952 =041 ##$$a Ind =090 ##$$a 512, Woo i.2 =100 ##$$a Wooton,William =245 ##$$a Intermediate Agebra, William Woorton =260 ##$$b 1968 =300 ##$$a 336 hlm, 23 cm =850 ##$$a NBPNMAT